A TEXTBOOK OF HUMAN VALUE & PROFESSIONAL ETHICS (Record no. 25201)

MARC details
000 -LEADER
fixed length control field 00308nam a22001337a 4500
003 - CONTROL NUMBER IDENTIFIER
control field SGT
020 ## - INTERNATIONAL STANDARD BOOK NUMBER
International Standard Book Number 9789358570274
082 ## - DEWEY DECIMAL CLASSIFICATION NUMBER
Classification number 174
Item number RAW
100 ## - MAIN ENTRY--PERSONAL NAME
Personal name RAWAL , KUNAL
245 ## - TITLE STATEMENT
Title A TEXTBOOK OF HUMAN VALUE & PROFESSIONAL ETHICS
260 ## - PUBLICATION, DISTRIBUTION, ETC. (IMPRINT)
Place of publication, distribution, etc BHOPAL
Name of publisher, distributor, etc NITYA BOOKS
Year of Publication 2023
300 ## - PAGE DESCRIPTION
No. of Pages 89
942 ## - ADDED ENTRY ELEMENTS (KOHA)
Source of classification or shelving scheme Dewey Decimal Classification
Koha item type Books
942 ## - ADDED ENTRY ELEMENTS (KOHA)
-- 1
Holdings
Withdrawn status Lost status Source of classification or shelving scheme Damaged status Not for loan Collection code Home library Current library Shelving location Date acquired Cost, normal purchase price SGTU Total Checkouts Full call number Accession No. (Barcode) Date last seen Date last borrowed Bill Date Koha item type
    Dewey Decimal Classification     COMMERCE MANAGEMENT SGT Science & Social Sciences Library SGT Science & Social Sciences Library Text Book 10/10/2023 250.00 SGTU 1 174 RAW CM6958 31/03/2025 25/03/2025 10/10/2023 Books